Probability, reliability and statistical methods in engineering design /

Basic concept of reliability. Mathematics of probability. Modeling of probability. Modeling of uncertainty. Commonly used probability distributions. Determination of distributions and parameters from observed data. Randomness in response variables. Fundamentals of reliability analysis. Advanced topi...

全面介紹

Đã lưu trong:
書目詳細資料
主要作者: Haldar, Achintya.
其他作者: Mahadevan, Sankaran.
格式: 圖書
語言:English
出版: New York ; Chichester : John Wiley and Sons, 2000.
主題:
標簽: 添加標簽
沒有標簽, 成為第一個標記此記錄!
Thư viện lưu trữ: Mạng thư viện Đại học Đà Nẵng
LEADER 01647cam a2200385 i 4500
001 000047617
003 7307
005 20180119140253.0
008 010324b2000 vm 000 eng
020 |a 0471331198 
040 |a LRCC  |c LRCC  |d LRCC 
041 0 |a eng 
082 1 4 |a 620.004201519  |b HA-A 
100 1 |a Haldar, Achintya. 
245 0 0 |a Probability, reliability and statistical methods in engineering design /  |c Achintya Haldar, Sankaran Mahadevan. 
260 |a New York ; Chichester :  |b John Wiley and Sons,  |c 2000. 
300 |a 304 p. ;  |c 24cm. 
520 3 |a Basic concept of reliability. Mathematics of probability. Modeling of probability. Modeling of uncertainty. Commonly used probability distributions. Determination of distributions and parameters from observed data. Randomness in response variables. Fundamentals of reliability analysis. Advanced topics on reliability analysis... 
630 0 4 |a Engineering design. 
630 0 4 |a Statistical methods. 
650 0 4 |a Reliability (Engineering)  |x Statistical methods. 
650 0 4 |a Engineering design  |x Statistical methods. 
700 1 |a Mahadevan, Sankaran. 
OWN |a DUT 
AVA |a UDN50  |b DUT  |c Book  |d 620.004201519 HA-A  |e available  |t Error 5001 Not defined in file expand_doc_bib_avail.  |f 1  |g 0  |h N  |i 0  |j SH  |k 1 
999 |a From the UDN01 
AVA |a UDN50  |b DUT  |c Book  |d 620.004201519 HA-A  |e available  |t Error 5001 Not defined in file expand_doc_bib_avail.  |f 1  |g 0  |h N  |i 0  |j SH  |k 1 
TYP |a Monograph 
TYP |a Printed language 
980 |a Mạng thư viện Đại học Đà Nẵng